000 00338nam a2200133Ia 4500
008 231129s1985||||xx |||||||||||||| ||spa||
040 _bspa
082 _a691 M319m
100 _aMarciales C. Luz Marina
245 0 _aMateriales regionales para construccion
260 _c1985
264 _aUniversidad Santo Tomás
942 _2ddc
_cBKS
999 _c20792
_d20792